Sociology and the south: the Latin American experience /

La sociología latinoamericana ha pasado por revisiones criticas desde mediados del siglo pasado. Sin embargo, los recientes desarrollos del pensamiento anuncian uno de los cambios más radicales que hubieran podido imaginarse: el de dejar de observar a la región como meramente 'opuesta' al...

Descrizione completa

Salvato in:
Dettagli Bibliografici
Autore principale: Sosa Elizaga, Raquel
Natura: testo
Soggetti:
Tags: Aggiungi Tag
Nessun Tag, puoi essere il primo ad aggiungerne!!

MARC

LEADER 00000 a a2200000 04500
001 4746
003
040
100 |a Sosa Elizaga, Raquel  
245 |a Sociology and the south:   |b the Latin American experience /  |c Raquel Sosa Elizaga 
500 |a Resumen también en francés y español en páginas 508  
520 |a La sociología latinoamericana ha pasado por revisiones criticas desde mediados del siglo pasado. Sin embargo, los recientes desarrollos del pensamiento anuncian uno de los cambios más radicales que hubieran podido imaginarse: el de dejar de observar a la región como meramente 'opuesta' al imperio norteamericano, y comenzar a trabajar con la idea de la relación, o más bien, la pertenencia, a una región más grande, conocida globalmente como el Sur. La redefinición del tiempo y del espacio, el territorio, la historia, el conocimiento y los sujetos sociales, así como otras categorías significativas, tienen un papel crucial que cumplir en este cambio. Según la autora, se ha abierto un nuevo horizonte para las ciencias sociales, y parece que han levantado nuevas fuentes de creatividad  
650 |a SOCIOLOGIA  
650 |a ASPECTOS SOCIALES  
650 |a SOCIOLOGOS  
650 |a ANALISIS SOCIOLOGICO  
650 |a TEORIA  
650 |a AMERICA LATINA  
773 |g volumen 54, número 3; páginas 413-425  
999 |c 25108  |d 25108